00742nam a2200241 a 4500001001300000003000900013005001700022008004100039020002300080082001900103100001500122245007500137260003600212300000900248500003500257505002500292650001800317700001500335902000800350942000700358952012000365999001500485nice12345678IN_TiNIC20260116013039.0050524s1996 newa grp 000 0 eng  a0149848 c29500a362.50954bSAI aSainath, P aEverybody Loves a Good Droughtb Stories from Indias Poorest Districts aNew DelhibPenguin Books c1996 a470p aincludes index and biblioraphy2 aReferences and Index aPoverty-India1 aSainath, P bSRS cBK 001040708StackRoom-aHMIbHMId2007-06-05g295.00l0o362.50954 SAIp017468r2007-06-05v295.00w2005-05-24yBK c9423d9423